Corporate governance v zákone o bankách

Corporate governance: v užšom zmysle - vzťah podniku k akcionárom, v širšom zmysle - vzťah podniku k celej spoločnosti. Správa a riadenie spoločnosti má svoj legislatívny základ aj v zákone č. 483/2001 Z.z. o bankách.

Salvato in:
Dettagli Bibliografici
Autore principale: Hetteš, František
Natura: Capitolo di libro
Lingua:slovacco
Soggetti:
Tags: Aggiungi Tag
Nessun Tag, puoi essere il primo ad aggiungerne!!

MARC

LEADER 00000naa a2200000 4500
001 r045258
005 20220729103757.8
041 0 |a slo 
044 |a SK 
245 1 0 |a Corporate governance v zákone o bankách  |c František Hetteš 
520 |a Corporate governance: v užšom zmysle - vzťah podniku k akcionárom, v širšom zmysle - vzťah podniku k celej spoločnosti. Správa a riadenie spoločnosti má svoj legislatívny základ aj v zákone č. 483/2001 Z.z. o bankách. 
610 2 0 |a banky 
610 2 0 |a zákony 
610 2 0 |a Slovensko 
610 2 0 |a riadenie podnikové 
610 2 0 |a správa podniku 
100 1 |a Hetteš, František